00370ntaaa2200145 45000030003000000050017000030080021000200400037000410820014000781000019000922450046001112500029001573000010001866500028001960120251027200859.00714s1973 ag 01  aAR-BaBNbspacAR-BaBNeaacrdRIC a780.9 Sa3 aSalas, Samuel  aHistoria de la música / cSamuel Salas  a1 ed. : bAraujo, c1938 a120 p aMusica Antigua-Historia